La organización campesina y el desarrollo rural
Uloženo v:
| Hlavní autor: | |
|---|---|
| Médium: | Neznámo |
| Vydáno: |
San José:
OIT
|
| Tagy: |
Přidat tag
Žádné tagy, Buďte první, kdo vytvoří štítek k tomuto záznamu!
|
MARC
| LEADER | 00000 a2200000 04500 | ||
|---|---|---|---|
| 001 | 25569 | ||
| 003 | |||
| 008 | 991231s d | ||
| 040 | |||
| 090 | |a 160003 | ||
| 100 | |a Santos de Morais, Clodomir | ||
| 245 | |a La organización campesina y el desarrollo rural | ||
| 260 | |a San José: |b OIT | ||
| 300 | |a 70 p. | ||
| 999 | |c 15546 |d 15546 | ||
